Jabberwocky: Which Word? Quiz Stats

 Plays Quiz not verified by Sporcle

Score 0/28 Timer 05:00
0 Plays Today
Question Answer Wrong Answers
`Twas ______, and the slithy toves ???
82.8%
???
4.4%
???
8.4%
???
4.4%
Did gyre and ______ in the wabe ???
78.4%
???
4.6%
???
8.5%
???
5.8%
All mimsy were the ______ ???
76.6%
???
5.6%
???
7.2%
???
6.6%
`Twas ______, and the slithy toves ???
73%
???
1.3%
???
3.2%
???
3.1%
All mimsy were the ______ ???
72.6%
???
1.8%
???
2.5%
???
3.7%
And the mome ______ outgrabe ???
71.5%
???
11%
???
6.4%
???
5.1%
Beware the ______ bird, and shun ???
71.4%
???
3.4%
???
8.2%
???
4.5%
Did gyre and ______ in the wabe ???
70.8%
???
2.3%
???
5.1%
???
2.4%
The ______ Bandersnatch! ???
70.3%
???
7.1%
???
6%
???
2.9%
The vorpal blade went ______! ???
69%
???
3.1%
???
2.2%
???
7.5%
O ______ day! Callooh! Callay! ???
68.1%
???
6%
???
5.4%
???
1.6%
And the mome ______ outgrabe ???
67.5%
???
6.3%
???
3.6%
???
3.2%
And, has thou ______ the Jabberwock? ???
67.2%
???
2.4%
???
9%
???
2.6%
One, two! One, two! And ______ and through ???
66.9%
???
4.9%
???
4.3%
???
5.9%
He took his ______ sword in hand ???
66.8%
???
8.6%
???
5.6%
???
4.8%
Come to my arms, my ______ boy! ???
66.7%
???
3.5%
???
6.4%
???
4.6%
The Jabberwock, with eyes of ______ ???
66.6%
???
7.3%
???
5.9%
???
3.3%
He went ______ back ???
66.1%
???
6.5%
???
3.3%
???
5.3%
He left it ______, and with its head ???
64.8%
???
2.7%
???
8.8%
???
5.3%
He ______ in his joy ???
63.9%
???
2.5%
???
8.7%
???
5.7%
Beware the ______, my son! ???
63.4%
???
19%
???
4.9%
???
3.8%
And stood _______ in thought ???
62.1%
???
4%
???
11.5%
???
6%
The jaws that ______, the claws that catch! ???
60.3%
???
4.9%
???
8.3%
???
15.4%
Long time the ______ foe he sought ???
59.8%
???
9.2%
???
4.3%
???
11.7%
And, as in ______ thought he stood ???
58.7%
???
10.3%
???
1.8%
???
12.2%
So rested he by the ______ tree ???
57.9%
???
11.8%
???
8.2%
???
6.6%
Came whiffling through the ______ wood ???
51.3%
???
8.3%
???
2.7%
???
20.8%
And ______ as it came! ???
48.9%
???
15.9%
???
5.4%
???
12.4%

You're not logged in!

Compare scores with friends on all Sporcle quizzes.
OR
Log In

Sporcle TV

Today on Sporcle TV


Watch our educational content, quiz creation guides, and fun videos on Sporcle TV.

Show Comments

Extras

Top Quizzes Today


Score Distribution

Your Account Isn't Verified!

In order to create a playlist on Sporcle, you need to verify the email address you used during registration. Go to your Sporcle Settings to finish the process.

Report this User

Report this user for behavior that violates our Community Guidelines.

Details: